[Event "GER-chT U16"]
[Site "Magdeburg"]
[Date "2019.12.27"]
[Round "1.5"]
[White "Haufe, Laurin"]
[Black "Kraft, Adrian"]
[Result "1-0"]
[WhiteElo "2022"]
[BlackElo "1715"]
[PlyCount "63"]
[EventDate "2019.12.27"]
[EventType "team-swiss"]
[EventRounds "7"]
[EventCountry "GER"]
[SourceTitle "CBM 194 Extra"]
[Source "ChessBase"]
[SourceDate "2020.03.31"]
[SourceVersion "1"]
[SourceVersionDate "2020.03.31"]
[SourceQuality "1"]
[WhiteTeam "Leipzig SG"]
[BlackTeam "Lichtenberg Borussia"]
[WhiteTeamCountry "GER"]
[BlackTeamCountry "GER"]

1. e4 g6 2. d4 Bg7 3. Nc3 d6 4. Nf3 Nf6 5. Bc4 0-0 6. 0-0 c6 7. a4 a5 8. h3 Na6 9. Be3 Nb4 10. Qd2 d5 11. exd5 cxd5 12. Bb3 Bf5 13. Ne2 Qb6 14. Nf4 Rfd8 15. c3 Nc6 16. Ba2 Be4 17. Ne1 Bf5 18. f3 Qc7 19. Ned3 e5 20. Nxe5 Nxe5 21. dxe5 Qxe5 22. Rfe1 Qc7 23. Nxd5 Nxd5 24. Bxd5 Be6 25. c4 Bxd5 26. cxd5 Ra6 27. Red1 Rad6 28. Rac1 Qd7 29. Qxa5 Rxd5 30. Rxd5 Qxd5 31. Qxd5 Rxd5 32. Rc8+ 1-0

[Event "Berlin Lichtenrade op 15th"]
[Site "Berlin"]
[Date "2019.10.17"]
[Round "6"]
[White "Kraft, Adrian"]
[Black "Bender, Sebastian1111"]
[Result "0-1"]
[WhiteElo "1672"]
[BlackElo "1911"]
[PlyCount "80"]
[EventDate "2019.10.12"]
[EventType "swiss"]
[EventRounds "9"]
[EventCountry "GER"]
[SourceTitle "CBM 195 Extra"]
[Source "ChessBase"]
[SourceDate "2020.05.31"]
[SourceVersion "1"]
[SourceVersionDate "2020.05.31"]
[SourceQuality "1"]

1. c4 d6 2. Nc3 e5 3. g3 f5 4. Bg2 Nf6 5. d3 Be7 6. Nf3 0-0 7. 0-0 c6 8. b4 Na6 9. Qb3 Nc7 10. Ng5 Qe8 11. c5+ d5 12. e4 h6 13. Nf3 fxe4 14. dxe4 Be6 15. Qc2 d4 16. Nd1 Qh5 17. Nb2 Bg4 18. Qb3+ Kh8 19. Nc4 Nd7 20. Nfd2 Nb5 21. Nb1 Be6 22. Qc2 Qf7 23. Ncd2 a5 24. a4 axb4 25. f4 Bxc5 26. Kh1 Qh5 27. f5 Bg8 28. Bf3 Qf7 29. f6 g5 30. Bg4 Nc3 31. Nxc3 bxc3 32. Nf3 Qc4 33. Bxg5 hxg5 34. Bxd7 Rxf6 35. Qc1 Qf7 36. Bf5 Rxf5 37. exf5 Qxf5 38. h4 Qh3+ 39. Nh2 Bd5+ 40. Kg1 Qg2# 0-1

[Event "JBLN Ost 1819"]
[Site "Germany"]
[Date "2018.11.03"]
[Round "3.6"]
[White "Schlosser, Justin"]
[Black "Kraft, Adrian"]
[Result "0-1"]
[WhiteElo "1584"]
[BlackElo "1613"]
[PlyCount "114"]
[EventDate "2018.09.29"]
[EventType "team-tourn"]
[EventRounds "9"]
[EventCountry "GER"]
[SourceTitle "CBM 189 Extra"]
[Source "ChessBase"]
[SourceDate "2019.06.03"]
[SourceVersion "1"]
[SourceVersionDate "2019.06.03"]
[SourceQuality "1"]
[WhiteTeam "Reideburg 90 Halle"]
[BlackTeam "Borussia Lichtenberg"]
[WhiteTeamCountry "GER"]
[BlackTeamCountry "GER"]

1. e4 e5 2. Nf3 Nc6 3. d4 exd4 4. Nxd4 Bc5 5. Nb3 Bb6 6. Nc3 Nf6 7. Qe2 d6 8. Be3 0-0 9. 0-0-0 Qe7 10. f3 Be6 11. h4 Ne5 12. Qd2 Rfd8 13. Bxb6 axb6 14. Qg5 h6 15. Qg3 Nfd7 16. f4 Nc6 17. Kb1 Nc5 18. Nxc5 bxc5 19. f5 Bc8 20. Nd5 Qe5 21. Qe3 Nb4 22. a3 Nxd5 23. Rxd5 Qe7 24. g4 b6 25. Bg2 Re8 26. Rdd1 Bb7 27. Rde1 Ra4 28. Qb3 Qd7 29. c4 Raa8 30. g5 h5 31. Qd3 Re5 32. Rhf1 Rae8 33. Rf4 Qa4 34. Bf3 d5 35. cxd5 Bxd5 36. Re3 Rd8 37. Qc3 Qd4 38. Qxd4 cxd4 39. Rd3 Bc4 40. Rd2 c5 41. Bxh5 d3 42. Bd1 Rd4 43. Bf3 Bd5 44. Rg4 Bc6 45. Ka2 c4 46. h5 Rc5 47. f6 c3 48. bxc3 Rxc3 49. fxg7 Rc2+ 50. Rxc2 dxc2 51. Kb2 Ba4 52. g6 fxg6 53. e5 Rd1 54. Bd5+ Kxg7 55. Rxg6+ Kh7 56. Rc6 Bxc6 57. Kxc2 Rxd5 0-1

[Event "GER-chT U10"]
[Site "Magdeburg"]
[Date "2014.12.28"]
[Round "5.2"]
[White "Kroeger, Tim"]
[Black "Kraft, Adrian"]
[Result "1-0"]
[WhiteElo "1076"]
[BlackElo "963"]
[PlyCount "76"]
[EventDate "2014.12.27"]
[EventType "team-swiss"]
[EventRounds "7"]
[EventCountry "GER"]
[SourceTitle "EXT 2016"]
[Source "ChessBase"]
[SourceDate "2015.10.08"]
[SourceVersion "1"]
[SourceVersionDate "2015.10.08"]
[SourceQuality "1"]
[WhiteTeam "Buende"]
[BlackTeam "Friedrichsfelde Borussia"]
[WhiteTeamCountry "GER"]
[BlackTeamCountry "GER"]

1. d4 d5 2. c4 dxc4 3. e4 b5 4. a4 a6 5. axb5 Bd7 6. Bxc4 f6 7. Nc3 e5 8. dxe5 fxe5 9. Qh5+ g6 10. Qxe5+ Qe7 11. Qxh8 Nf6 12. Bg5 Be6 13. Bxf6 Qd7 14. Bxe6 Qxe6 15. Bg7 Qf7 16. Nd5 Ra7 17. Be5 Rb7 18. bxa6 Ra7 19. Nf3 Nc6 20. Ng5 Qd7 21. Nf6+ Ke7 22. Nxd7 Kxd7 23. Qxf8 Nxe5 24. 0-0-0+ Kc6 25. Qe8+ Kb6 26. Qxe5 Rxa6 27. Qe6+ Kb7 28. Qxa6+ Kxa6 29. Rd7 Kb6 30. Nxh7 Kc6 31. Rdd1 Kb6 32. Rd7 c6 33. Rd6 Kb5 34. Nf6 Kb4 35. Rxc6 Kb5 36. Rc7 Kb4 37. Rb7+ Ka4 38. g4 Ka5 1-0